Trouve le bon Brawler (Brawl Stars) - Statistiques

Statistiques générales
  • Ce quiz a été pris 220 fois
  • Le résultat moyen est 20 sur 86
Statistiques - réponses
Description brawler % Correct
Un brawler robuste, armé d'un fusil de chasse puissant. Il fonce dans le tas, peut encaisser beaucoup de dégâts, et sa super le fait charger en avant pour écraser ses ennemis. Bull
89%
Un cow-boy armé de deux revolvers. Colt tire à longue portée avec une grande précision, et sa super crée une ligne de tir de grande portée. Colt
85%
Une brawler moderne, équipée d'un spray qui émet une brume toxique. Elle est spécialisée dans les attaques de zone, infligeant des dégâts à tous ceux qui se trouvent dans sa zone d'effet. Eliz@
77%
Un expert en missiles, Brock tire des roquettes à longue portée, capables de faire d'énormes dégâts. Sa super déploie une volée de roquettes explosives. Brock
68%
Un vieil homme dynamiteur avec une petite hache. Il utilise des dynamites et des bombes pour attaquer à distance, et sa super lance une bombe géante. Dynamike
64%
Une inventrice avec un pistolet à ressort. Sa super invoque un tourelle qui tire automatiquement sur les ennemis à proximité. Jessie
64%
Un brawler robotique spécialisé dans les attaques de froid. Il lance des projectiles glacés et utilise une super qui gèle la zone autour de lui. Lou
58%
Une tireuse d'élite qui possède un puissant fusil à pompe. Elle attaque à courte portée et est capable d'infliger de gros dégâts avec sa super. Shelly
56%
Une brawler végétal avec une force surhumaine. Elle utilise des attaques au corps à corps et peut se protéger avec un bouclier végétal. Rosa
48%
Un guérisseur qui utilise des seringues pour soigner ses alliés et infliger des dégâts aux ennemis. Il possède également des capacités pour empoisonner ou soigner. Byron
46%
Byron
46%
Une brawler rapide avec des pouvoirs de vitesse. Elle peut booster la vitesse de ses alliés et utilise des projectiles à faible portée. Sa super lui permet de donner une énorme impulsion à ses alliés. Max
45%
Un brawler qui contrôle le sable. Il peut créer des zones de sable qui endorment ses ennemis. Sa super est un nuage de sable qui réduit la visibilité des ennemis. Emery
43%
Une mystérieuse brawler qui utilise la magie noire. Elle lance des cartes et peut utiliser sa super pour créer un vortex qui attire et endommage les ennemis. Tara
41%
Un géant avec un marteau lourd. Frank est un tank qui inflige de lourds dégâts avec son marteau. Sa super fait une onde de choc qui étourdit ses ennemis. Frank
40%
Elle utilise un ours géant pour l'aider au combat. Nita est une combattante de mêlée qui attaque ses ennemis avec des ondes d'énergie. Nita
38%
Je suis un cactus piquant ! Je lance des épines qui explosent et ma super crée une explosion de piquants qui ralentit et blesse les ennemis autour de moi.35. Tara Spike
38%
Un brawler végétal capable de contrôler des plantes. Il lance des boules de plantes qui rebondissent, et sa super crée un mur de plantes. Wally
38%
Une jeune fille qui utilise une batte de baseball pour attaquer. Elle peut frapper de façon puissante à moyenne portée et utilise sa super pour repousser les ennemis. Billie
37%
Je suis un tonneau roulant, et j’aime dévaler le terrain à grande vitesse. Ma super me permet de foncer sur mes ennemis et les écraser. Darryl
36%
Un génie magique avec une lampe en forme de bras. Il peut projeter un bras magique qui attire les ennemis vers lui. Sa super envoie un puissant rayon d'énergie. Djinn
33%
Polly
33%
Bo
31%
Une brawler spécialisée dans l'attaque des ennemis en fonction de leurs points de vie. Elle peut se sacrifier pour infliger d'énormes dégâts en fonction de l'état de santé de ses ennemis. Colette
31%
Un brawler agile qui utilise des attaques rapides et une super qui lui permet de sauter au-dessus de ses ennemis pour les attaquer. Edgar
31%
Je suis furtif et rapide. Ma super me rend invisible, et avec mes shurikens, je frappe rapidement et silencieusement. Leon
31%
Un musicien et guitariste qui utilise son instrument pour soigner ses alliés. Sa super envoie une onde de guérison à travers le terrain. Poco
30%
Carl
29%
Un brawler rebondissant, armé de pistolets qui tirent des balles rebondissantes. Il peut se déplacer rapidement et toucher plusieurs ennemis en une seule attaque. Ricochet
28%
Chuck
27%
Un brawler rapide qui utilise des attaques à distance avec des projectiles empoisonnés. Sa super est un vol plané qui inflige des dégâts. Corbac
26%
Une pirate armée d'un canon à distance. Elle tire des pièces de monnaie qui explosent en plusieurs projectiles. Sa super déploie une caisse qui largue des mines. Penny
26%
Un brawler rebelle et énergique qui utilise un balai comme arme. Il peut accumuler de la colère et sa super est une attaque rageuse qui endommage tout sur son passage. Ash
24%
Un brawler mystérieux avec des pouvoirs aléatoires. Il utilise des potions et sa super lui permet de jouer à un jeu de hasard avec ses capacités. Chester
24%
Bonnie
23%
Un personnage qui utilise des projectiles collants et explosifs. Il lance des balles de goudron et utilise sa super pour déclencher une explosion massive. Squeak
20%
Bartaba
19%
Je suis une brawler glamour et j’utilise un clone pour me défendre. Mon super fait apparaître un double qui attaque mes ennemis. Lola
19%
Mico
19%
Belle
18%
Moe
18%
Mortis
18%
Un gardien de parc qui utilise un crochet pour se déplacer et attaquer. Il peut faire un bond vers un ennemi et son attaque principale est un crochet puissant. Buzz
16%
Buzz
16%
Gael
16%
Gray
16%
Description : Je suis une machine à creuser ! Je me défends avec ma pelle et mes attaques font trembler le sol. Mon super crée des secousses qui projettent mes ennemis ! Jacky
16%
Un personnage habillé en costume, qui déploie des valises qui lâchent des pingouins. Il peut attaquer à distance en lançant des valises explosives. Mr.P
16%
Un brawler rapide et acrobatique qui utilise une voiture de course pour attaquer. Il peut se propulser vers ses ennemis avec sa super pour leur infliger des dégâts. Stu
16%
Mandy
14%
Pam
14%
Janet
13%
Kenji
13%
Meg
13%
Tick
13%
Kit
11%
Shade
11%
Maisie
10%
Sam
10%
Charlie
9%
Cordelius
9%
Un brawler exploseur qui utilise des projectiles en forme de grenade. Sa super crée une explosion massive sur une grande zone. Grom
9%
Surge
9%
Bea
8%
El primo
8%
Hank
8%
Juju
8%
Larry et Lawrie
8%
Draco
7%
Fang
7%
Angelo
6%
Arcade
6%
Berry
6%
Buster
6%
Lily
6%
Melodie
6%
Pearl
6%
Willow
6%
Gus
5%
Otis
5%
Clancy
4%
Doug
4%
Eve
4%
Griff
4%
R-T
4%
Buzz l'eclair
3%
Aucun quiz correspondant
Distribution des résultats
% des personnes avec chaque résultat
Percentile par nombre de réponses
Votre historique - résultats
Vous n’avez pas pris ce quiz